| Поле | Инд. | ПП | Название | Значение |
|---|---|---|---|---|
| Тип записи | a | |||
| Библиографический уровень | m | |||
| 001 | Контрольный номер | c007b8fa-6918-4ee4-a159-13daa7aee491 | ||
| 005 | Дата корректировки | 20131218095852.7 | ||
| 008 | Кодируемые данные | 960426 d | ||
| 020 | c | Цена, тираж | 1.01 | |
| 080 | a | Индекс УДК | 531.19(075.8) | |
| a | Индекс УДК | 536.7(075.8) | ||
| 084 | a | Индекс другой классификации/Индекс ББК | В317я731-1 | |
| 090 | x | Авторский знак | А71 | |
| a | Полочн. индекс | 530.14 | ||
| 100 | 1_ | a | Автор | Ансельм Андрей Иванович |
| 245 | 1_ | a | Заглавие | Основы статистической физики и термодинамики |
| b | Продолж. заглавия | Учеб. пособие для студентов физ. спец. вузов | ||
| c | Ответственность | А.И. Ансельм | ||
| 260 | 0_ | a | Место издания | Москва |
| b | Издательство | Наука | ||
| c | Дата издания | 1973 | ||
| 300 | a | Объем | 423 с. | |
| b | Иллюстрации/ тип воспроизводства | черт. | ||
| 583 | a | Действие | Приписка 345 08.08.2002 | |
| k | Исполнитель действия | Дар Язенина А.В. | ||
| 650 | a | Основная рубрика | Статистическая физика | |
| x | Основная подрубрика | Учебники для вузов | ||
| 650 | a | Основная рубрика | Термодинамика | |
| 650 | a | Основная рубрика | Физика теоретическая | |
| 653 | a | Ключевые слова | Статистическая физика | |
| a | Ключевые слова | Термодинамика | ||
| a | Ключевые слова | Учебники | ||
| 852 | t | Порядковый номер экземпляра | 21 | |
| p | Инвентарный номер | 389571 | ||
| p | Инвентарный номер | 748717 35.00 | ||
| p | Инвентарный номер | 389572 | ||
| p | Инвентарный номер | 18145-2 | ||
| p | Инвентарный номер | 18145-3 | ||
| p | Инвентарный номер | 18145-4 | ||
| p | Инвентарный номер | 18145-5 | ||
| p | Инвентарный номер | 18145-6 | ||
| p | Инвентарный номер | 18145-7 | ||
| p | Инвентарный номер | 18145-8 | ||
| p | Инвентарный номер | 18145-9 | ||
| p | Инвентарный номер | 18145-10 | ||
| p | Инвентарный номер | 18145-11 | ||
| p | Инвентарный номер | 18145-12 | ||
| p | Инвентарный номер | 18145-13 | ||
| p | Инвентарный номер | 18145-14 | ||
| p | Инвентарный номер | 18145-15 | ||
| p | Инвентарный номер | 18145-16 | ||
| p | Инвентарный номер | 18145-17 | ||
| p | Инвентарный номер | 18145-18 | ||
| p | Инвентарный номер | 18145-19 | ||
| 888 | a | Бесплатные | ||
| 930 | a | Новая/Ретро | учебники | |
| 952 | p | 345.2002 35.00 1 748717 | ||
| c | Вид литературы | К ру | ||
| 954 | a | Дата поступления на обработку | 20011013 | |
| 999 | a | Подразделение 2 | Фил3 |